Vyšší ekonomický růst? Cestou je i genderová vyváženost

Rovnosť mužov a žien ako populárna téma dnešnej doby a jej súvislosť s výkonom ekonomiky. Ekonomické postavenie žien a prínos pre spoločnosť a ekonomiku. Gender Gap Index a porovnanie vybraných krajín. Analýza genderovej rovnosti Českej republiky.

Salvato in:
Dettagli Bibliografici
Natura: Capitolo di libro
Lingua:ceco
Soggetti:
Tags: Aggiungi Tag
Nessun Tag, puoi essere il primo ad aggiungerne!!

MARC

LEADER 00000naa a2200000 4500
001 0273913
005 20210524112638.5
041 0 |a cze 
044 |a CZ 
245 1 0 |a Vyšší ekonomický růst? Cestou je i genderová vyváženost 
520 |a Rovnosť mužov a žien ako populárna téma dnešnej doby a jej súvislosť s výkonom ekonomiky. Ekonomické postavenie žien a prínos pre spoločnosť a ekonomiku. Gender Gap Index a porovnanie vybraných krajín. Analýza genderovej rovnosti Českej republiky. 
610 2 0 |a rovnosť rodová 
610 2 0 |a rast hospodársky 
610 2 0 |a financie 
610 2 0 |a ženy 
610 2 0 |a výkonnosť ekonomiky 
610 2 0 |a Česko